000 01291cam a2200277 i 4500
003 SA-RiAUC
005 20250224075803.0
008 241216s1979 le g 000 0 ara c
040 _aJO-AmJU
_bara
_cSA-RiAUC
_erda
082 0 4 _a231.5
090 _a231.5
_b ط ح ا
100 1 _aالطحاوي، أحمد بن محمد بن سلامة،
_d239-321 هجري
_eمؤلف.
245 1 0 _aشرح معاني الآثار /
_cأبو جعفر أحمد بن محمد بن سلامة بن عبد الملك بن سلمة الأزدي الحجري المصري الطحاوي الحنفي ؛ حققه وعلق عليه محمد زهري النجاري.
264 1 _aبيروت :
_bدار الكتب العلمية،
_c1979
300 _a4 مجلد ؛
_c28 سم
336 _aنص
_btxt
_2rdacontent
_3كتاب
337 _aبدون وسيط
_bn
_2rdamedia
338 _aمجلد
_bnc
_2rdacarrier
650 7 _aالحديث
_xكتب أئمة الفقه الأربعة
_2aucsh
650 7 _aالحديث
_xالجوامع (عدا ما ذكر في الكتب الستة)
_2aucsh
650 7 _aالحديث
_xمشكل
_2aucsh
700 1 _aالنجاري، محمد زهري
_eمحقق.
740 0 _aمعاني الآثار.
942 _2ddc
_cBOOK
_n0
949 _aSA-JeALM
_d241216
_ukhaled123
_n1
999 _c6192
_d6192